| 000 | 00830nam a22002297a 4500 | ||
|---|---|---|---|
| 999 |
_c601 _d601 |
||
| 003 | AR-CdUCM | ||
| 008 | 190225b ||||| |||| 00| 0 spa d | ||
| 040 |
_aMUNICIPALIDAD PROVINCIAL DEL CUSCO _cBIBLIOTECA MUNICIPAL DEL CUSCO |
||
| 082 |
_a830.7 / _bM26 |
||
| 100 |
_aMartini, Fritz / Ferrater, Gabriel ( traductor ) _92338 |
||
| 245 |
_aHistoria de la literatura Alemana / _cMartini, Fritz |
||
| 260 |
_aBarcelona : _bLabro, _c1964. |
||
| 300 |
_a650 paginas ; _b97 il, _c30cm. |
||
| 505 | _aLiteratura Germánica -- Época de los francos -- El minnesang -- Goethe -- schiller ... | ||
| 650 |
_aDel romanticismo al realismo _92339 |
||
| 650 |
_aLa joven Alemania _92340 |
||
| 650 |
_aTeatro _9173 |
||
| 650 |
_aRealismo Poetico _92341 |
||
| 700 |
_aFerrater, Gabriel _92342 |
||
| 942 |
_2ddc _cLIBROS |
||
| 945 |
_apjha _d2019-02-25 |
||